Statistics for Joe's Crab Shack Locations Quiz

Click here to take the quiz!

General Stats

  • This quiz has been taken 34 times
    (5 since last reset)
  • The average score is 9 of 12

Answer Stats

#State% Correct
4California
100%
9Texas
100%
1Arizona
80%
8Florida
80%
1Louisiana
80%
1Missouri
80%
1New Jersey
80%
1Kentucky
60%
1Pennsylvania
60%
1South Carolina
60%
1Tennessee
60%
1Utah
40%

Score Distribution

Percentile by Number Answered

Percent of People with Each Score

Your Score History

You have not taken this quiz since the last reset